The Political Kingdon in Uganda. (Record no. 504)

MARC details
000 -LEADER
fixed length control field 00359nam a22001217a 4500
005 - DATE AND TIME OF LATEST TRANSACTION
control field 20200814154604.0
008 - FIXED-LENGTH DATA ELEMENTS--GENERAL INFORMATION
fixed length control field 200814b ||||| |||| 00| 0 eng d
020 ## - INTERNATIONAL STANDARD BOOK NUMBER
International Standard Book Number 294223
040 ## - CATALOGING SOURCE
Transcribing agency CML
245 ## - TITLE STATEMENT
Title The Political Kingdon in Uganda.
Statement of responsibility, etc. Apter, D.E.
260 ## - PUBLICATION, DISTRIBUTION, ETC.
Place of publication, distribution, etc. Princeton
Name of publisher, distributor, etc. Princeton Unversity
Date of publication, distribution, etc. 1967
942 ## - ADDED ENTRY ELEMENTS (KOHA)
Source of classification or shelving scheme Dewey Decimal Classification
Koha item type Books
Edition 1st Edition
Classification part 320
Call number suffix APT
Holdings
Withdrawn status Lost status Source of classification or shelving scheme Damaged status Not for loan Collection code Home library Current library Shelving location Date acquired Total Checkouts Full call number Date last seen Copy number Price effective from Koha item type
    Dewey Decimal Classification     Social Sciences Chalimbana Main Library Chalimbana Main Library Social Sciences 08/14/2020   320.96761 APT 08/14/2020 1 08/14/2020 Books

Powered by Koha